Statistics for Jump between all Capital Cities: Closest Capital N-E-S-W

Click here to take the quiz!

General Stats

  • This quiz has been taken 213 times
  • The average score is 107 of 195

Answer Stats

Dir B D Capital City % Correct
63º 423 Jerusalem . A
100%
73º 71 Amman . K
100%
104º 1,187 Kuwait City . R
94%
193º 533 Riyadh . M
93%
66º 423 Manama . D
87%
137º 140 Doha . A
85%
107º 301 Abu Dhabi . T
84%
68º 479 Bishkek . I
82%
305 Tashkent . B
82%
187º 1,024 Islamabad . M
82%
111º 1,040 Kabul . D
82%
345º 536 Baku . A
82%
110º 781 Ashgabat . K
82%
347º 1,276 Tehran . B
82%
355º 446 Dushanbe . T
81%
231º 1,799 Muscat . B
80%
759 Yerevan . A
76%
307º 1,755 Baghdad . Y
76%
283º 4 Vatican City . V
75%
268º 994 Ankara . B
75%
275º 612 Rome . V
75%
296º 161 Bratislava . V
74%
277º 55 Vienna . B
74%
248º 901 Budapest . B
74%
36º 357 Chisinau . K
74%
17º 402 Kiev . B
74%
312º 749 Bucharest . C
74%
199º 357 Tripoli . T
73%
165º 689 Valletta . T
73%
343º 802 Monaco . B
73%
130º 514 San Marino . V
73%
357 Bern . S
73%
327º 517 Tunis . M
73%
159º 131 Tirana . R
73%
136º 552 Podgorica . T
73%
237º 198 Sarajevo . Z
72%
140º 491 Belgrade . S
72%
319º 288 Zagreb . L
72%
283º 117 Ljubljana . P
72%
84º 598 Prague . P
71%
317º 372 Luxembourg . P
71%
327º 423 Vaduz . L
71%
304º 673 Copenhagen . O
70%
347º 484 Oslo . S
70%
93º 518 Warsaw . C
70%
74º 358 Amsterdam . B
70%
88º 579 Berlin . W
70%
329º 344 London . A
70%
126º 443 Riga . B
69%
98º 417 Stockholm . R
69%
261º 884 Paris . L
69%
242º 1,457 Brussels . D
67%
290º 776 Dublin . A
66%
247º 503 Lisbon . P
65%
241º 494 Madrid . L
65%
154º 1,334 Andorra la Vella . M
65%
163º 78 Skopje . A
64%
80º 2,584 Pristina . S
64%
156º 486 Athens . S
63%
306º 241 Nicosia . A
62%
165º 2,265 Asmara . D
62%
299º 84 Beirut . N
62%
239º 558 Addis Ababa . S
62%
146º 2,464 Tbilisi . D
62%
132º 616 Djibouti . A
62%
261º 792 Vilnius . T
62%
14º 1,284 Minsk . M
62%
356º 529 Tallinn . H
62%
72º 677 Moscow . V
62%
82 Helsinki . T
62%
356º 524 Sofia . M
61%
219º 1,179 Damascus . B
61%
40º 918 Sanaa . M
61%
310º 767 Niamey . P
60%
247º 892 Abuja . N
60%
248º 1,017 Nairobi . K
60%
175º 1,478 Mogadishu . N
60%
33º 738 Ouagadougou . M
58%
236º 1,218 Monrovia . F
58%
337º 126 Conakry . B
58%
247º 168 Accra . Y
58%
347º 513 Juba . K
58%
312º 361 Freetown . C
58%
258º 1,927 N'Djamena . A
58%
1,188 Khartoum . N
58%
290º 503 Kampala . J
58%
325º 166 Dakar . N
57%
22º 406 Nouakchott . P
57%
246º 876 Praia . P
57%
328º 205 Banjul . D
57%
263º 831 Bissau . B
57%
284º 579 Yamoussoukro . O
57%
255º 158 Lome . A
57%
176º 778 Porto-Novo . L
57%
60º 709 Bamako . B
57%
96º 1,341 Montevideo . W
56%
266º 10,097 Wellington . C
56%
286º 2,330 Canberra . P
56%
276º 1,139 Santiago . M
56%
155º 2,740 Brasilia . A
56%
183º 1,034 Buenos Aires . S
56%
287º 346 Georgetown . B
56%
253º 3,603 Paramaribo . G
56%
223º 1,460 Asuncion . B
56%
327º 1,289 Tarawa . A
54%
135º 2,375 Apia . S
54%
336º 1,520 Funafuti . T
54%
92º 1,072 Suva . N
54%
116º 744 Nuku'alofa . F
54%
44º 2,717 Port-Vila . S
54%
352º 1,316 Quito . B
52%
42º 728 Bogota . S
52%
301º 1,479 Lima . Q
52%
92º 11,193 Sucre . L
52%
93º 8,995 Sao Tome . R
49%
170º 3,701 Malabo . L
48%
168º 378 Libreville . R
48%
339º 3,987 Rabat . A
48%
(↑) →104º 5,216 Astana . N
48%
66º 765 Colombo . D
47%
31º 2,172 Dhaka . N
47%
126º 736 Nay Pyi Taw . T
47%
339º 7,519 Reykjavik . A
47%
169º 2,549 New Delhi . M
47%
71º 946 Algiers . M
47%
205º 517 Bangkok . V
46%
121º 2,071 Vientiane . B
46%
276º 2,836 Kigali . D
46%
322º 1,081 Thimphu . K
46%
188º 2,735 Male . C
46%
273º 427 Kathmandu . V
46%
166º 1,243 Mbabane . M
45%
312º 398 Lusaka . M
45%
214º 517 Harare . L
45%
247º 5,375 Victoria . K
45%
126º 784 Dodoma . L
45%
193º 888 Lilongwe . H
45%
284º 929 Windhoek . P
44%
227º 489 Maseru . G
44%
343º 539 Gaborone . W
44%
93º 441 Maputo . B
43%
107º 1,181 Pretoria . M
43%
352º 2,522 Bujumbura . B
39%
305º 1,476 Bangui . M
39%
294º 3,855 Kinshasa . B
38%
194º 1,600 Taipei . S
37%
96º 810 Pyongyang . T
37%
139º 1,170 Beijing . P
37%
20º 1,480 Seoul . T
37%
271º 9,662 Ulaanbaatar . B
37%
211º 1,256 Bandar Seri Begawan . P
37%
218º 2,990 Manila . B
37%
100º 1,155 Tokyo . M
37%
333º 7 Brazzaville . P
37%
150º 920 Antananarivo . K
37%
123º 3,261 Moroni . A
37%
285º 14,830 Ottawa . U
37%
111º 4,898 Port Louis . L
37%
(↓) ←284º 4,916 Luanda . Y
37%
130º 315 Singapore . O
37%
90º 10,014 Kuala Lumpur . S
37%
352º 1,417 Yaounde . K
37%
177º 3,014 Jakarta . S
36%
1,051 Hanoi . J
36%
303º 1,325 Phnom Penh . H
36%
302º 1,108 Santo Domingo . C
34%
159º 947 Caracas . P
34%
194º 95 Kingstown . S
34%
164º 150 Castries . K
34%
277º 18,296 Saint John's . B
34%
281º 95 Basseterre . R
34%
147º 262 Roseau . C
34%
281º 511 San Jose . M
33%
315º 339 Managua . K
33%
263º 1,396 Panama . S
33%
101º 2,963 Saint George's . P
31%
(↑) →103º 4,148 Port-of-Spain . M
31%
306º 177 Guatemala City . B
31%
32º 343 Belmopan . S
31%
57º 1,205 Kingston . T
31%
258º 218 San Salvador . G
31%
248º 1,195 Tegucigalpa . S
31%
210º 979 Yaren . P
30%
256º 1,784 Mexico City . P
30%
268º 13,851 Majuro . Y
30%
196º 1,819 Havana . M
30%
1,534 Washington . H
30%
302º 1,343 Port-au-Prince . N
30%
324º 888 Nassau . W
30%
323º 2,334 Melekeok . B
29%
269º 1,402 Port Moresby . M
28%
173º 1,819 Honiara . P
28%
310º 1,277 Palikir . H
28%
(→) ↓262º 19,263 Dili
27%
88º 17,245 Bridgetown . D
26%

Score Distribution

Percentile by Number Answered

Percent of People with Each Score

Your Score History

You have not taken this quiz